000 00374nam a2200145Ia 4500
008 230711s9999||||xx |||||||||||||| ||und||
041 _aENG
082 _a621.382
_bCH-A
100 _aChakrabarti,P
245 0 _aAnalog communication system
250 _a1st Ed.
260 _c2004
_aNew Delhi
_bDhanpat Rai & Co.(Pvt.)Ltd.
650 _aElectronics Engineering
942 _cBK
999 _c4159
_d4159